000 00480 a2200193 4500
005 20260204151936.0
008 260204b |||||||| |||| 00| 0 eng d
020 _a9789349281141
_cRs. 2025.00
040 _aMAIN
082 _a342
_bT513A
100 _aTirath Prakash
245 _aAdministrative law
260 _bYking Books
_c2025
_aJaipur
300 _avi, 264
650 _aLaw
650 _aConstitutional Law
650 _aAdministrative Adjudication
942 _cBK
999 _c394525
_d394525